The mentoring advantage : creating the next generation of leaders

Bibliographic Details
Main Author: Stone, Florence M.
Format: Book
Published: Chicago : Dearborn Trade Publishing , c2004
Subjects:

MARC

LEADER 00000cam a2200000 7i4500
001 0000003504
005 20060405.0
020 0 0 |a 0793186927 
090 0 0 |a 658.3124   |b STO 
100 1 0 |a Stone, Florence M. 
245 1 4 |a The mentoring advantage :   |b creating the next generation of leaders   |c Florence Stone. 
260 0 0 |a Chicago :   |b Dearborn Trade Publishing ,   |c c2004 
300 |a xix, 211 p. :   |b ill. ;   |c 23 cm. 
505 0 0 |a Introduction: what mentoring is all about-and it isn't about -- Building mentoring relationships -- Who should be mentor, whom to be mentored -- Developing a mentoring relationship -- The three stages of mentoring--breaking up is hard to do -- The effective mentor: roles & responsibilities -- Being a role model, broker and cheerleader -- Mentor as career counselor -- Straight talk -- Problems and problem solving -- The e-dimension -- The global dimension -- Mentoring through difficult situations -- Mentor as supervisor -- Traps to avoid -- Team mentoring -- Team sponsorship -- Team mentoring strategies -- The how-to of facilitated programs -- What makes for a successful formal system? -- Selection of a program coordinator or coordinating committee -- Negotiating sound mentoring agreements -- Special situations. 
650 0 0 |a Career development. 
650 0 0 |a Employees   |x Training of. 
650 0 0 |a Mentoring in business. 
999 |a 0000006854   |b Monograph   |c Open Shelf   |e Default branch